000 00686nam a22001937a 4500
005 20240724161335.0
010 _aENG-140859
020 _c850.00
_a9789355329486
035 _aEN-124391
037 _bDBAD/PUB
082 _a330.954
100 _aSrirangam sriram
_968843
245 _aINDIAN ECONOMY:
_bFor UPSC State Public Services Examinations /
_cSriram Srirangam
250 _a1
260 _aChennai
_bPearson India Education Services ( India) Pvt Limited
_c2022
270 _bChennai
_a15th Floor, Tower-B, World Trade Tower ,Plot No. 1, Block - C, Sector-16, Noida 201 301, UP
_e600119
300 _a50.12vpp.
_c26(pb)
942 _2ddc
_cEN
_h3030.954
_mGAM
999 _c204404
_d204404